000
00297nam a22001457a 4500
008
210429b ||||| |||| 00| 0 eng d
020
_a
0201210932
041
_a
eng
080
_a
54
082
_a
54
100
_a
12
101
_a
KIM
245
_a
Chemistry
_c
Wilbraham,A.C
942
_2
udc
_c
BK
999
_c
57012
_d
57012